VICKI MISTACCO, Les Femmes et la tradition littéraire. Anthologie du Moyen Âge à nos jours. New Haven and London, Yale University Press. Première partie : XIIe - XVIIIe siècles ; seconde partie : XIXe - XXIe siècles, 2006-2007. Deux vol. cartonnés et illustrés 24,5 x 16 de 571 p. et 384 p. (notice n° 1654373)
[ vue normale ]
| 000 -LEADER | |
|---|---|
| fixed length control field | 00778cam a2200145 4500500 |
| 005 - DATE AND TIME OF LATEST TRANSACTION | |
| control field | 20260208005926.0 |
| 041 ## - LANGUAGE CODE | |
| Language code of text/sound track or separate title | fre |
| 042 ## - AUTHENTICATION CODE | |
| Authentication code | dc |
| 100 10 - MAIN ENTRY--PERSONAL NAME | |
| Personal name | Reid, Martine |
| Relator term | author |
| 245 00 - TITLE STATEMENT | |
| Title | VICKI MISTACCO, Les Femmes et la tradition littéraire. Anthologie du Moyen Âge à nos jours. New Haven and London, Yale University Press. Première partie : XIIe - XVIIIe siècles ; seconde partie : XIXe - XXIe siècles, 2006-2007. Deux vol. cartonnés et illustrés 24,5 x 16 de 571 p. et 384 p. |
| 260 ## - PUBLICATION, DISTRIBUTION, ETC. | |
| Date of publication, distribution, etc. | 2007.<br/> |
| 500 ## - GENERAL NOTE | |
| General note | 12 |
| 786 0# - DATA SOURCE ENTRY | |
| Note | Revue d'histoire littéraire de la France | 107 | 3 | 2007-09-01 | p. 629zzs-688zzs | 0035-2411 |
| 856 41 - ELECTRONIC LOCATION AND ACCESS | |
| Uniform Resource Identifier | <a href="https://shs.cairn.info/revue-d-histoire-litteraire-de-la-france-2007-3-page-629zzs?lang=fr&redirect-ssocas=7080">https://shs.cairn.info/revue-d-histoire-litteraire-de-la-france-2007-3-page-629zzs?lang=fr&redirect-ssocas=7080</a> |
Pas d'exemplaire disponible.




Réseaux sociaux